000 00710nam a22001937a 4500
005 20100812135730.0
010 _aENG-100084
020 _a9788190775786
_c160.00
035 _aEN-83616
037 _bDBAD/PUB
082 _a005.256
100 _aChinnusamy, M.
_912152
245 _aAn introduction to relation database management system /
_cby M. Chinnusamy
260 _aChennai
_bPranav Publication
_c2008
270 _a# 9, 5th Street, Thailambigai Nagar
_bChennai
_e637211
300 _a238p.
_c19cm (pbk)
942 _2ddc
_cEN
_h005.256
_mCHI
999 _c41354
_d41354